000 00981nas a2200253Ia 4500
001 R951/D2304
003 IT-RoPAU
008 151124c99999999xx |||||||||||| ||und||
040 _aIT-RoPAU
040 _cIT-RoPAU
041 _aFRANCESE
100 _aJounel Pierre
_gCodice Aut. SPICS: 23207
210 _aECCLESIA ORANS
222 _aEcclesia Orans
245 _aECCLESIA ORANS, ANNO 02-N.02 (1985)
_bCulte De Saint Gregoire Le Grand (Le)
250 _a1a ed.
260 _aROMA
_bBENEDICTINA EDIZ. ABBAZIA S.PAOLO
_c1985
501 _bPaulus - SPICS - Società San Paolo EM (non-commercial uses only)
_cCopyright2015
300 _a15 p. [195-209]
362 _aANNO 002, N.02 (1985)
500 _aCulto di San Gregorio Magno. Culto di S. Gregorio a Roma e in Vaticano. Diffusione del Culto di San Gregorio. Testimoni Liturgici del Culto di San Gregorio. Culto di San Gregorio nella Liturgia Rinnovata.
650 _aLITURGIA
_vPUBBLICAZIONE PERIODICA
942 _cCR
999 _c111149
_d111149